| 000 | 00379nam a2200145 4500 | ||
|---|---|---|---|
| 001 | 112890 | ||
| 003 | ES-MaACL | ||
| 005 | 20230906185705.0 | ||
| 007 | t| | ||
| 008 | 061121m19681969sp r ||||1| spa d | ||
| 245 | 0 | 0 | _aNueva Historia Universal. |
| 260 |
_aBarcelona [etc.] : _bMarĂn, _c1968-69. |
||
| 300 |
_a6 v. : _bil. ; _c27 cm. |
||
| 852 |
_aES-MaACL _jC-37274-79 _bR.67134 |
||
| 999 |
_c112890 _d112890 |
||